000 00336nam a2200133Ia 4500
008 240624s9999 xx 000 0 und d
041 _aeng
082 _a005.376 IBM
100 _aIBM
245 _aMQ SERIES WORKFLOW MODELING
260 _c2003
_aNew Delhi
_bPrentice-Hall of India
300 _axv, , 356 , 23 : p. : cm.
365 _cRS
999 _c3535
_d3535